000 00544nam a22001697a 4500
003 OSt
005 20260114161720.0
008 260114b |||||||| |||| 00| 0 eng d
040 _cMRSPTU
041 _aENG
100 _aGoyal, Sonali, Supervisor: Dr. Paramjeet Singh
245 _aClassification of Malicious URLs Using Ripper Algorithm for Stopping Deceptive Phishing
260 _bDepartment of CSE, MRSPTU, Bathinda
650 _aComputer Science
856 _uhttp://163.47.215.52:8080/jspui/handle/123456789/267
942 _2ddc
_cTH
_n0
999 _c10635
_d10635